Hellbound

Saved in:
Bibliographic Details
Main Author Theresa, Black
Format Electronic eBook
LanguageCzech
Published Canc 2023
Edition1. elektronické vydání
Subjects
Online AccessDostupné v BOOKPORT po přihlášení pomocí eduID
ISBN978-80-88488-70-5
978-80-88488-71-2
978-80-88488-69-9
Physical Description1 online zdroj (592 stran)

Cover

LEADER 00000nam a2200000 i 4500
001 bkp890241041
003 CZ-prgp
005 20231214160630.0
006 m o d
007 cr cn
008 231214s2023 xr o 000 1 cze
020 |a 978-80-88488-70-5  |c 295 Kč  |q (online ; pdf) 
020 |a 978-80-88488-71-2  |c 295 Kč  |q (online ; epub) 
020 |a 978-80-88488-69-9  |c 590 Kč  |q (print) 
040 |a Grada  |b cze  |e rda 
100 1 |a Theresa, Black 
245 1 0 |a Hellbound  |c Black Theresa 
250 |a 1. elektronické vydání 
264 1 |b Canc  |c 2023 
300 |a 1 online zdroj (592 stran) 
336 |a text  |b txt  |2 rdacontent 
337 |a počítač  |b c  |2 rdamedia 
338 |a online zdroj  |b cr  |2 rdacarrier 
520 3 |a Rebeka, teď už Maya, musí začít znova. A to se vším všudy. S novou identitou přichází i nový život na novém místě, s novými lidmi a na okamžik se zdá, že ji už s otcem nebude nikdy nic spojovat. Krutá realita na sebe ovšem nenechává dlouho čekat a připomíná Maye všechny hrůzy, kterými si prošla, v podobě živých nočních můr. Probudit ji z nich se daří pouze psychiatrovi - ten si rychle všímá, že vše není úplně tak, jak mu jeho klientka tvrdí. Právě díky němu Maya zjišťuje, jak se věci opravdu mají: lidé se v dětství bojí příšer pod postelí a přesto si je do nich v dospělosti dobrovolně zvou. Bude ona výjimkou?  
650 0 4 |a Dobrodružství, napětí, thrillery 
856 4 0 |u https://www.bookport.cz/AccountSaml/SignIn/?idp=https://shibboleth.utb.cz/idp/shibboleth&returnUrl=/kniha/hellbound-12310/  |y Dostupné v BOOKPORT po přihlášení pomocí eduID